00343nam a22001457a 4500003000400000008004100004020001800045082001800063100001800081245004600099250001100145260002500156300000800181650000800189OSt220323b ||||| |||| 00| 0 eng d a9789387067844 a621.39732 RAD aRAZAVI,Behzad aDesign of Analog CMOS Integrated Circuits a2nd Ed aNew DelhibTMHc2020 a782 aECE